<?xml version="1.0" encoding="UTF-8"?><?xml-stylesheet type="text/xsl" href="static/style.xsl"?><OAI-PMH xmlns="http://www.openarchives.org/OAI/2.0/" xmlns:xsi="http://www.w3.org/2001/XMLSchema-instance" xsi:schemaLocation="http://www.openarchives.org/OAI/2.0/ http://www.openarchives.org/OAI/2.0/OAI-PMH.xsd"><responseDate>2026-04-17T19:25:27Z</responseDate><request verb="GetRecord" identifier="oai:riubu.ubu.es:10259/8355" metadataPrefix="marc">https://riubu.ubu.es/oai/request</request><GetRecord><record><header><identifier>oai:riubu.ubu.es:10259/8355</identifier><datestamp>2024-01-17T01:05:24Z</datestamp><setSpec>com_10259_4219</setSpec><setSpec>com_10259_5086</setSpec><setSpec>com_10259_2604</setSpec><setSpec>col_10259_4220</setSpec></header><metadata><record xmlns="http://www.loc.gov/MARC21/slim" xmlns:doc="http://www.lyncode.com/xoai" xmlns:xsi="http://www.w3.org/2001/XMLSchema-instance" xmlns:dcterms="http://purl.org/dc/terms/" xsi:schemaLocation="http://www.loc.gov/MARC21/slim http://www.loc.gov/standards/marcxml/schema/MARC21slim.xsd">
<leader>00925njm 22002777a 4500</leader>
<datafield tag="042" ind1=" " ind2=" ">
<subfield code="a">dc</subfield>
</datafield>
<datafield tag="720" ind1=" " ind2=" ">
<subfield code="a">Checa Cruz, David</subfield>
<subfield code="e">author</subfield>
</datafield>
<datafield tag="720" ind1=" " ind2=" ">
<subfield code="a">Urbikain Pelayo, Gorka</subfield>
<subfield code="e">author</subfield>
</datafield>
<datafield tag="720" ind1=" " ind2=" ">
<subfield code="a">Beranoagirre, Aitor</subfield>
<subfield code="e">author</subfield>
</datafield>
<datafield tag="720" ind1=" " ind2=" ">
<subfield code="a">Bustillo Iglesias, Andrés</subfield>
<subfield code="e">author</subfield>
</datafield>
<datafield tag="720" ind1=" " ind2=" ">
<subfield code="a">López de Lacalle, Luis N.</subfield>
<subfield code="e">author</subfield>
</datafield>
<datafield tag="260" ind1=" " ind2=" ">
<subfield code="c">2022-01</subfield>
</datafield>
<datafield tag="520" ind1=" " ind2=" ">
<subfield code="a">The selection of a proper cutting tool in machining operations is a critical issue. Tool geometric parameters are essential for milling performance. However, the process engineer has very limited experience of the best parameter combination, due to the high cost of cutting tool tests. The same holds true for bachelor studies on machining processes. This study proposes a new strategy that combines experimental tests, machine-learning modelling and Virtual Reality visualization to overcome these limitations. First, tools with different geometric parameters are tested. Second, the experimental data are modeled with different machine-learning techniques (regression trees, multilayer perceptrons, bagging and random forest ensembles). An in-depth analysis of the influence of each input on model accuracy is performed to reduce experimental costs. The results show that the best model with no cutting-force inputs performed worse than the best model with all the inputs. Third, the most accurate model is used to build 3D graphs of special interest to engineering students as well as process engineers, for the optimization of power consumption under different cutting conditions. Finally, a Virtual Reality environment is presented to train engineering students in the study of the best tool design and cutting parameter optimization.</subfield>
</datafield>
<datafield tag="024" ind2=" " ind1="8">
<subfield code="a">0951-192X</subfield>
</datafield>
<datafield tag="024" ind2=" " ind1="8">
<subfield code="a">http://hdl.handle.net/10259/8355</subfield>
</datafield>
<datafield tag="024" ind2=" " ind1="8">
<subfield code="a">10.1080/0951192X.2022.2027020</subfield>
</datafield>
<datafield tag="024" ind2=" " ind1="8">
<subfield code="a">1362-3052</subfield>
</datafield>
<datafield ind1=" " ind2=" " tag="653">
<subfield code="a">Multiplayer perceptron</subfield>
</datafield>
<datafield ind1=" " ind2=" " tag="653">
<subfield code="a">Virtual reality</subfield>
</datafield>
<datafield ind1=" " ind2=" " tag="653">
<subfield code="a">Serrated cutters</subfield>
</datafield>
<datafield ind1=" " ind2=" " tag="653">
<subfield code="a">Energy optimization</subfield>
</datafield>
<datafield ind1=" " ind2=" " tag="653">
<subfield code="a">Ensembles</subfield>
</datafield>
<datafield tag="245" ind1="0" ind2="0">
<subfield code="a">Using Machine-Learning techniques and Virtual Reality to design cutting tools for energy optimization in milling operations</subfield>
</datafield>
</record></metadata></record></GetRecord></OAI-PMH>